000 00904nam a2200217 a 4500
003 OSt
005 20201002060812.0
008 181003s2007 000 spa d
020 _a9789589806715
040 _aDO-SdBNP
_bsap
_cBNPHU
110 1 _aColombia.
_bMinisterio de la Proteccion Social.
_976610
245 0 0 _aGuía de atención integral de salud ocupacional basada en la evidencia para hombro doloroso relacionado con factores de riesgo en el trabajo.
_cpresentación Ana María Cabrera Videla
260 _aSanto Domingo :
_bPontificia Universidad Javeriana,
_c2007.
300 _a110 p.
_bil.
_c27 cm.
490 1 _aGuia de Atencion Integral de Salud Ocupacional
_v1
504 _aBibliografía : p. 93-98
700 1 _aCabrera Videla, Ana María,
_epresentación
_976609
830 0 _aGuia de Atencion Integral de Salud Ocupacional ; 1
_976614
942 _2ddc
_cLF1
956 _aLOPEREZ
999 _c47392
_d47392